Inazuma Eleven - Toutes les supertechniques de Raimon Go - Statistiques

Statistiques générales
  • Ce quiz a été pris 752 fois
    367 depuis la dernière actualisation
  • Le résultat moyen est 24 sur 34
Statistiques - réponses
Joueur(s) Réponse % Correct
Samguk Arrêt flamboyant
92%
Samguk Mur de Gaïa
92%
Aitor Filet de chasse
90%
Gaby Brume illusoire
88%
Subaru Train en roue libre
87%
Wanli Mur de l'Atlantide
86%
Michael Serpent à sonnette
86%
Riccardo Tir fortissimo
85%
Victor Lame des ténèbres
83%
Arion Dribble zéphyr
81%
Victor Envol des ténèbres
81%
Wanli Grande muraille
77%
Victor (ES) Botte de Lancelot
76%
Eugene Dragster
75%
Lucien Autre dimension
74%
Riccardo Passage presto
74%
JP (ES) Main magique
73%
Arion/Victor Fulgurante double tornade de feu
72%
Arion Tir en rafales
70%
Doug Tir sonique
69%
JP Attaque ressort
68%
Arion Sprint tourbillon
68%
Adé Tourbillon aquatique
65%
Riccardo (ES) Harmonie atomique
64%
Ryoma Tir katana ancestral
64%
JP/Aitor Tir de défense canon
60%
Supertactique Ailes jumelles
58%
Ryoma Esquive acrobatique
57%
Supertactique Tacticien céleste
55%
Arion (ES) Direct de pégase
52%
Supertactique Tonnerre ultime
46%
JP Danse de l'air
40%
Ryoma (ES) Le coup du samouraï
36%
Supertactique Passes volantes
33%
Aucun quiz correspondant
Distribution des résultats
% des personnes avec chaque résultat
Percentile par nombre de réponses
Votre historique - résultats
Vous n’avez pas pris ce quiz depuis la dernière actualisation